000 00646cab a2200205 4500
001 ABS42410
008 090401t1990 xxu||||| |||| 00| 0 eng d
035 _a(Sirsi) u36630
041 _aeng
100 _aMilne, R.
245 _aQuestion of balance in archaeology field
260 _c1990
350 _a0
490 _aPlanning (for the Natural and Built Environment)
_v(858) 2 March 1990, 29(1)
520 _aReviews the DoE `s draft planning policy guidance note covering the implications for planning of archaeological remains.
650 _aARCHAEOLOGY
690 _aPLANNING LAW AND PRACTICE
942 _n0
948 _c04/03/1997
999 _c23732
_d23732